000 00731nam a2200217 a 4500
001 12707
003 BD-JhCC
005 20230508183439.0
008 171106b2011 bg |||| ||a| 00| 0 ben d
035 _a(BD-JhCC)12707
040 _aBD-JhCC
_dBD-JhCC
041 _abengali
082 _a891.443
_bBON 2011
100 _aবন্দ্যোপাধ্যায়, বিভূতিভূষণ
245 _aচাঁদের পাহাড় /
_cবিভূতিভূষণ বন্দ্যোপাধ্যায়
260 _aঢাকা:
_bঝিনুক প্রকাশনী;
_c২০১১.
300 _a৭৯ পৃ.;
_c২২ সেমি
650 _aNovel
942 _2ddc
_cBK
999 _c12707
_d12707